[Event "Michigan Senior"]
[Site "Warren, MI"]
[Date "2003.06.07"]
[Round "1.2"]
[White "Bailey, Greg"]
[Black "Sattler, Peter"]
[Result "1-0"]
[WhiteElo "1926"]
[BlackElo "1624"]
[Annotator "Tim McGrew"]
[PlyCount "59"]
[EventDate "2003.06.07"]

{Bird: Dutch} 1. f4 d5 2. Nf3 e6 {This is not objectively bad, but it limits
Black's options later.} 3. e3 Nf6 4. b3 Nc6 $6 {Unless Black intends to ram
through ...e5, this knight is not well placed in front of the c-pawn. And if
he does intend ...e5, why didn't he play 2...Nf6 and 3...Bg4 to help contest
the control of the e5 square?} 5. Bb2 Be7 6. Be2 O-O 7. O-O Bd7 8. Ne5 Nxe5 9.
fxe5 Ne4 10. d3 Nc5 11. Nd2 Bg5 12. Rf3 Bc6 13. a4 $6 {This doesn't make much
sense from either a strategic or a tactical standpoint. DIAGRAM} b6 $6 {
Missing his chance for active play.} (13... d4 $1 {turns an unpromising
opening into an interesting middlegame. After} 14. Bxd4 Bxf3 15. Bxf3 Nd7 16.
Ne4 (16. Bxb7 c5 17. Bxa8 cxd4 18. exd4 Be3+ 19. Kh1 Qxa8 {gives Black the
advantage because White's pawns, at the moment, are weak.}) 16... Be7 {White
is certainly better centralized, but it's anybody's game.}) 14. d4 {There will
be no second chances for Black's light-square bishop. To the end of the game
this piece plays a negligible role.} Nd7 15. Bd3 f5 16. g3 a5 17. Ba3 Be7 18.
Bxe7 Qxe7 19. Qe2 Bb7 20. Raf1 c5 21. R3f2 Rac8 22. Nf3 Nb8 23. Nh4 Nc6 24. c3
Nb8 25. Qh5 g6 $2 {A move like this is like a red flag to a bull. With no
minor pieces within hailing distance of the king-side, Black cannot afford to
let White's major pieces in along open lines.  DIAGRAM} ({Much better is} 25...
cxd4 26. exd4 Ba6 ({But not} 26... Rxc3 27. Bxf5 $1 exf5 28. Nxf5 Rxf5 29. Rxf5
g6 30. Rf8+ Qxf8 31. Rxf8+ Kxf8 32. Qxh7 {and Black's pieces are so amazingly
uncoordinated that White wins easily despite the formal material balance.}) 27.
Bxa6 Nxa6 {and the king-side attack is over, though White can try to make
something of his extra space.}) 26. Nxg6 $1 hxg6 27. Qxg6+ Qg7 {This drops a
third pawn, but Black's position is desperate anyway.} (27... Kh8 {leaves the
king edge trapped, allowing} 28. Bxf5 $1 exf5 29. Rxf5 Rxf5 30. Rxf5 Qg7 31.
Rh5+ Kg8 32. Qe6+ $1 Qf7 33. Rh8+ Kxh8 34. Qxf7 {with an easy win.}) 28. Qxe6+
Kh8 (28... Qf7 29. Bxf5 {is crushing.}) 29. Rxf5 Rxf5 30. Rxf5 1-0

[Event "Michigan Senior"]
[Site "Warren, MI"]
[Date "2003.06.08"]
[Round "3.1"]
[White "Williams, Ron"]
[Black "LaForge, Tom"]
[Result "1-0"]
[WhiteElo "1939"]
[BlackElo "1907"]
[PlyCount "114"]
[EventDate "2003.06.07"]

1. c4 e6 2. Nc3 d5 3. cxd5 exd5 4. d4 Nf6 5. Bg5 Be7 6. e3 h6 7. Bh4 c6 8. Bd3
Be6 9. Qb3 Qb6 10. Qxb6 axb6 11. Nge2 Nh5 12. Bxe7 Kxe7 13. O-O Na6 14. a3 Nc7
15. Rac1 Rhd8 16. Na2 Kf8 17. Nb4 Bd7 18. Rc3 Ne6 19. Rfc1 Nf6 20. Bf5 g6 21.
Bxe6 fxe6 22. Nd3 Ra7 23. Ne5 Be8 24. Nf4 Kg7 25. f3 Nd7 26. Nfd3 g5 27. Nxd7
Rxd7 28. Ne5 Rd6 29. Rb3 Ra6 30. Kf2 Bg6 31. g4 Rd8 32. Kg3 Be8 33. h4 Bg6 34.
hxg5 hxg5 35. Rh1 b5 36. Rc3 Raa8 37. Rcc1 Rd6 38. Rh2 Rg8 39. Rch1 Rdd8 40.
Rh6 Kf6 41. f4 Rg7 42. R1h5 gxf4+ 43. exf4 Rdg8 44. f5 exf5 45. gxf5 c5 46. Kf4
cxd4 47. Rxg6+ Rxg6 48. fxg6 Rc8 49. Rf5+ Kg7 50. Kg5 Rc1 51. Rf7+ Kg8 52. Nd7
Rg1+ 53. Kf5 Rf1+ 54. Ke6 Re1+ 55. Kxd5 Rh1 56. Kxd4 Rh6 57. Nf6+ Kh8 1-0

[Event "Michigan Senior U1600"]
[Site "Warren, MI"]
[Date "2003.06.08"]
[Round "4.1"]
[White "Saylor, Oliver"]
[Black "Scioly, Tony"]
[Result "1-0"]
[WhiteElo "1547"]
[BlackElo "1585"]
[Annotator "Tim McGrew"]
[PlyCount "45"]
[EventDate "2003.06.07"]

{Sicilian: Yugoslav Dragon} 1. e4 c5 2. Nf3 d6 3. d4 cxd4 4. Nxd4 Nf6 5. Nc3 g6
6. Be3 {Is the Sicilian Dragon a good chess opening? How can one even ask! And
yet ... is it a good opening for amateur players? White's system here, dubbed
by some wit the "St. George Attack," makes this a serious question. With
simply moves White build up a dangerous attack, while Black's counterplay
depends on delicate matters of timing.} Bg7 7. f3 O-O 8. Qd2 {Nothing subtle
about this: White lines up for the St. George Swap against the Dragon bishop.}
Nc6 9. Bc4 Bd7 10. a3 $6 {This move makes no sense to me. White is planning to
castle queen-side, so a weakening of the pawn structure there is not logical.}
Rc8 11. Bb3 Ne5 12. Bh6 Nc4 13. Bxc4 Rxc4 14. Bxg7 Kxg7 15. Qe3 Qb6 16. O-O-O
e5 $2 {This definitely gives White the advantage. DIAGRAM} 17. Nf5+ $1 gxf5 $2
{The wrong recpature.} (17... Bxf5 18. Qxb6 axb6 19. exf5 gxf5 20. Rxd6 Rc6 {
is relatively best, though White is clearly happier with the position than
Black.}) (17... Kg8 18. Qxb6 axb6 19. Nxd6 $18 {picks off some pawns.}) 18.
Qg5+ {A classic pattern. White regains the sacrificed piece with a
considerable advantage.} Kh8 19. Qxf6+ Kg8 20. Nd5 $1 Rxc2+ {Desperation.} 21.
Kxc2 Rc8+ 22. Kb1 Qf2 23. Ne7+ 1-0

[Event "Michigan Senior"]
[Site "Warren, MI"]
[Date "2003.06.08"]
[Round "3.4"]
[White "Roth, Bruce"]
[Black "Burwell, Raymond"]
[Result "1-0"]
[WhiteElo "1566"]
[BlackElo "1630"]
[PlyCount "103"]
[EventDate "2003.06.07"]

1. e4 e5 2. Nf3 Nc6 3. d4 exd4 4. Nxd4 Nxd4 5. Qxd4 d6 6. Nc3 Nf6 7. Nd5 Be7 8.
Nxe7 Qxe7 9. f3 h6 10. Be3 O-O 11. O-O-O Be6 12. Kb1 Rfd8 13. Be2 c5 14. Qc3 a6
15. Rd2 b5 16. a3 Qb7 17. b4 a5 18. bxc5 b4 19. Qb2 dxc5 20. Rhd1 Rxd2 21. Rxd2
c4 22. c3 Rb8 23. axb4 axb4 24. cxb4 Qxb4 25. Rd8+ Kh7 26. Rxb8 Qe1+ 27. Bc1 c3
28. Qc2 g6 29. Rd8 Nd7 30. Bb5 Qh4 31. Rxd7 Bxd7 32. Bxd7 Qe7 33. Ba4 Qc7 34.
f4 h5 35. Qb3 Kg7 36. Kc2 Qc5 37. Qxc3+ Qxc3+ 38. Kxc3 f6 39. Kd4 Kf7 40. Bb3+
Kg7 41. Kd5 Kf7 42. Kd6+ Kg7 43. Ke7 f5 44. e5 h4 45. e6 h3 46. g3 Kg8 47. Kd8
g5 48. e7+ Kg7 49. e8=Q g4 50. Bb2+ Kh6 51. Qh8+ Kg6 52. Qg7+ 1-0

[Event "Michigan Senior U1600"]
[Site "Warren, MI"]
[Date "2003.06.08"]
[Round "3.4"]
[White "Poniatowski, Don"]
[Black "Kahn, Jack"]
[Result "1-0"]
[WhiteElo "1350"]
[BlackElo "1350"]
[Annotator "Tim McGrew"]
[PlyCount "23"]
[EventDate "2003.06.07"]

{Scandinavian: Classical (Lasker)} 1. e4 d5 2. exd5 Qxd5 3. Nc3 Qa5 ({Recently,
correspondence IM Michael Melts has endorsed} 3... Qd6 $5 {I like thi s idea,
if only because it takes White out of the lines he is apt to know well.
Black's queen is no more exposed on d6 than on a5, and there are some
interesting twists to the resulting play.}) 4. d4 Nf6 {In principle, this is
supposed to be an acceptable opening for Black. But I worry about his
practical chances; Black seems to lose an awful lot of games from here.} ({As
a practical weapon, Anderssen's old counter-attack} 4... e5 $5 {may be a
better weapon for amateurs. After} 5. dxe5 Bb4 {or 5.Nf3 e4!? the game becomes
quite complicated. It would surprise me greatly if any opponent rated below
2000 knew anything about the theory of this gambit variation; and without
knowledge of the theory, White is liable to go astray early. Anyone interested
in an exhaustive treatment of this crazy variation should consult John Lutes's
excellent book.}) 5. Nf3 Bg4 6. Be2 c6 7. h3 Bf5 8. O-O Nbd7 {This move is not
a disaster in itself, but Black is preparing a premature strike in the center.}
9. Re1 $1 {Many players underestimate the strength of a move like this,
putting the rook opposite Black's king on the half-open file. A survey of
half-open and open games reveals that putting a rook opposite the enemy king
or queen is consistently strong. Here it makes Black's central break
unplayable.} e5 $2 {But Black fails to realize this point and plays the break
anyway.} (9... e6 {is more circumspect, with just a space advantage to White.})
10. dxe5 Nxe5 11. Nxe5 Qxe5 12. Bd3 {Oh! Well, that ends that game ...} 1-0

[Event "Michigan Senior U1600"]
[Site "Warren, MI"]
[Date "2003.06.08"]
[Round "3.2"]
[White "Munger, Larry"]
[Black "Mandell, Ed"]
[Result "1-0"]
[WhiteElo "1569"]
[BlackElo "1258"]
[PlyCount "109"]
[EventDate "2003.06.07"]

1. e4 e5 2. Nf3 d5 3. exd5 Bd6 4. d4 e4 5. Ne5 Ne7 6. Bb5+ c6 7. dxc6 bxc6 8.
Be2 O-O 9. O-O f6 10. Nc4 Bc7 11. Be3 Nf5 12. Nc3 Ba6 13. b3 Qd7 14. Nxe4 Bc8
15. c3 Re8 16. Nc5 Qe7 17. Qd2 Na6 18. Rae1 Rd8 19. Qc1 Nxc5 20. dxc5 Nxe3 21.
Qxe3 Qf8 22. Nd6 Bxd6 23. cxd6 Rxd6 24. Bc4+ Kh8 25. Qc5 Bb7 26. Re3 a5 27.
Rfe1 Rdd8 28. Qxf8+ Rxf8 29. Re7 Ba6 30. Bxa6 Rxa6 31. Rc7 Rd8 32. g3 h6 33.
Ree7 Rg8 34. Re6 a4 35. Rexc6 Raa8 36. b4 Rgd8 37. b5 a3 38. b6 Kh7 39. Rxf6
Rd2 40. Rff7 Rxa2 41. Rxg7+ Kh8 42. Ra7 Rb8 43. Rg6 Rb2 44. Rxh6+ Kg8 45. Rxa3
Rf8 46. f4 Rd8 47. Ra1 Kg7 48. Rc6 Kf8 49. c4 Ke8 50. c5 Rdd2 51. Rc1 Kf8 52.
Rh6 Kg7 53. Rh5 Kg6 54. Rh4 Kf5 55. c6 1-0

[Event "Michigan Senior"]
[Site "Warren, MI"]
[Date "2003.06.08"]
[Round "3.5"]
[White "McCarter, Robert"]
[Black "Sattler, Peter"]
[Result "1-0"]
[WhiteElo "1600"]
[BlackElo "1624"]
[PlyCount "97"]
[EventDate "2003.06.07"]

1. d4 g6 2. Nf3 Bg7 3. Bf4 Nf6 4. e3 O-O 5. Be2 d6 6. h3 Nbd7 7. O-O Nb6 8. c4
Re8 9. Nc3 Be6 10. d5 Bd7 11. Rc1 e5 12. dxe6 Bxe6 13. b3 Qc8 14. Re1 Bf5 15.
Nd4 Bd7 16. a4 Qd8 17. Bf3 c6 18. a5 Nc8 19. b4 Be6 20. Nxe6 Rxe6 21. Qb3 a6
22. Red1 Qe7 23. Rd3 Nh5 24. Bxh5 gxh5 25. Rcd1 Be5 26. Bxe5 Rxe5 27. Ne2 Kh8
28. Qc3 f6 29. Nf4 h4 30. Qd2 Qf7 31. Rd4 f5 32. Qe2 b6 33. axb6 Nxb6 34. Rxd6
Rc8 35. c5 Nc4 36. Rd7 Qg8 37. R1d4 Re4 38. Qd3 Rce8 39. Ra7 Ne5 40. Qd1 Rxd4
41. Qxd4 Qg5 42. Nd3 Qf6 43. Nxe5 Rxe5 44. Ra8+ Kg7 45. Qd7+ Re7 46. Qd8 Qa1+
47. Kh2 Qe5+ 48. f4 Qxe3 49. Qg8+ 1-0

[Event "Michigan Senior"]
[Site "Warren, MI"]
[Date "2003.06.08"]
[Round "4.4"]
[White "Mazuchowski, Tom"]
[Black "McCarter, Robert"]
[Result "1/2-1/2"]
[WhiteElo "2000"]
[BlackElo "1600"]
[PlyCount "164"]
[EventDate "2003.06.07"]

1. e4 c5 2. Nc3 Nc6 3. Nge2 g6 4. d4 cxd4 5. Nxd4 Bg7 6. Nb3 d6 7. Be2 Nf6 8.
O-O O-O 9. Kh1 Bd7 10. Bg5 Rc8 11. f4 a6 12. a3 Re8 13. g4 Na5 14. f5 Rxc3 15.
Bxf6 Bxf6 16. bxc3 Bxc3 17. fxg6 hxg6 18. Rb1 Qc7 19. Qd3 Nxb3 20. cxb3 Be5 21.
Qf3 Be6 22. Rbc1 Qd7 23. Bc4 Bxc4 24. Rxc4 Qe6 25. Rc2 Kg7 26. Rcf2 f6 27. h4
Rh8 28. h5 Qf7 29. Kg1 gxh5 30. g5 Bd4 31. Kh1 Bxf2 32. Rxf2 Qe6 33. gxf6+ Qxf6
34. Qxf6+ exf6 35. Rd2 Rd8 36. Rd5 Kg6 37. Kh2 Re8 38. Rxd6 Rxe4 39. Rb6 Re7
40. Kg3 Kg5 41. a4 f5 42. a5 Re5 43. Rxb7 Rxa5 44. Rb6 Rb5 45. Rxa6 Rxb3+ 46.
Kg2 f4 47. Ra8 Rg3+ 48. Kf2 Kg4 49. Rg8+ Kh3 50. Rf8 Rg4 51. Kf3 h4 52. Ra8
Rg3+ 53. Kf2 Rb3 54. Rf8 Kg4 55. Rg8+ Kf5 56. Rf8+ Kg4 57. Rg8+ Kh3 58. Rf8 Rb4
59. Rh8 Rb6 60. Kf3 Rf6 61. Rh7 Rg6 62. Kf2 Kg4 63. Rh8 h3 64. Rh7 Rg5 65. Rh8
Rh5 66. Rg8+ Kf5 67. Rf8+ Kg6 68. Kg1 h2+ 69. Kh1 Rh4 70. Ra8 Kf5 71. Ra5+ Kg4
72. Ra2 Kg3 73. Rg2+ Kf3 74. Ra2 Ke3 75. Ra3+ Kd2 76. Ra2+ Kc3 77. Ra3+ Kb2 78.
Rf3 Kc2 79. Ra3 Kd2 80. Ra2+ Ke3 81. Ra3+ Kf2 82. Ra2+ Kg3 1/2-1/2

[Event "Michigan Senior"]
[Site "Warren, MI"]
[Date "2003.06.08"]
[Round "4.1"]
[White "Matias, I.C."]
[Black "Williams, Ron"]
[Result "1-0"]
[WhiteElo "1745"]
[BlackElo "1907"]
[PlyCount "89"]
[EventDate "2003.06.07"]

1. d4 Nf6 2. c4 Nc6 3. Nf3 e6 4. Nc3 Bb4 5. Bg5 h6 6. Bh4 Be7 7. e4 d5 8. cxd5
exd5 9. e5 Ne4 10. Bxe7 Nxe7 11. Bd3 Nxc3 12. bxc3 O-O 13. O-O Bg4 14. h3 Bh5
15. Qe2 b6 16. Qe3 Bg6 17. Nh4 Bxd3 18. Qxd3 Qd7 19. f4 f5 20. Rf3 Qe6 21. Rg3
Rac8 22. Qe2 Kh7 23. a4 a5 24. Rd1 Rg8 25. Rf1 g6 26. Qf3 Rb8 27. Rd1 Qc6 28.
Ra1 b5 29. axb5 Rxb5 30. Qd3 Rgb8 31. Nxg6 Nxg6 32. Qxf5 Qe8 33. h4 R5b6 34. h5
a4 35. Qd3 Kg7 36. f5 a3 37. f6+ Kh8 38. Rxg6 Qf8 39. Rg7 Qxg7 40. fxg7+ Kxg7
41. Rxa3 Rg8 42. Ra1 Kh8 43. Rf1 Rb2 44. Rf2 Rb6 45. Rf6 1-0

[Event "Michigan Senior U1600"]
[Site "Warren, MI"]
[Date "2003.06.08"]
[Round "3.3"]
[White "Kilburn, Gregory"]
[Black "Saylor, Oliver"]
[Result "0-1"]
[WhiteElo "1223"]
[BlackElo "1547"]
[PlyCount "100"]
[EventDate "2003.06.07"]

1. d4 d5 2. c4 c6 3. Nc3 Nf6 4. e3 Bf5 5. cxd5 cxd5 6. Nf3 e6 7. Bd3 Bxd3 8.
Qxd3 Bd6 9. O-O O-O 10. Re1 Nc6 11. a3 a6 12. Qf1 Qc7 13. Rb1 e5 14. dxe5 Nxe5
15. Nxe5 Bxe5 16. g3 d4 17. exd4 Bxd4 18. Be3 Bxc3 19. bxc3 Qxc3 20. Rxb7 Qxa3
21. Rc7 Qb3 22. Rec1 Nd5 23. Rb1 Qa4 24. Rc4 Qa5 25. Ra1 Qd8 26. Rd4 Nxe3 27.
Rxd8 Nxf1 28. Rxf8+ Kxf8 29. Kxf1 Ke7 30. Ke2 Kd6 31. Kd2 Kc5 32. Rc1+ Kd4 33.
Rc7 a5 34. Rxf7 a4 35. Rxg7 a3 36. Rd7+ Ke4 37. Re7+ Kf3 38. Re3+ Kg2 39. Re1
a2 40. Ra1 Kxf2 41. g4 Kf3 42. g5 Kf4 43. Kc2 Kxg5 44. Kb2 Kg4 45. Rxa2 Rxa2+
46. Kxa2 Kh3 47. Kb2 Kxh2 48. Kc2 h5 49. Kd2 h4 50. Ke2 Kg2 0-1

[Event "Michigan Senior U1600"]
[Site "Warren, MI"]
[Date "2003.06.08"]
[Round "4.3"]
[White "Kilburn, Gregory"]
[Black "Poniatowski, Don"]
[Result "0-1"]
[WhiteElo "1223"]
[BlackElo "1350"]
[Annotator "Tim McGrew"]
[PlyCount "54"]
[EventDate "2003.06.07"]

{Tarrasch: Schara (von Hennig) This game is proof, if any were needed, that
eternal vigilance is the price of victory. White soaks up some early pressure
and manages to consolidate when Black fails to make the most of his chances.
But then a single tactical lapse brings down the house.} 1. d4 d5 2. c4 e6 3.
Nc3 c5 4. cxd5 cxd4 $5 {The Hennig-Schara Gambit, an excellent practical
weapon below master level.} 5. Qxd4 Nc6 6. Qd1 exd5 7. Qxd5 Bd7 {This is the
theoretically preferred move.} (7... Be6 $5 {is an interesting idea, sometimes
known as the "Endgame Gambit." It is probably not quite sound, but half a
century ago masters used it against each other because White's best defense
against Black's pressure is not easy to find. In the under 1800 world, someone
could resurrect this weapon to good effect!}) 8. e3 Nf6 9. Qd2 Bc5 10. g3 Qe7
11. Bg2 Rd8 {Black's development is already looking like very good
compensation for his pawn.} 12. Qc2 Nb4 13. Qe2 Bg4 (13... Bf5 $1 {immediately
forces an entry on the light-squares:} 14. e4 Nd3+ $1 15. Kf1 Be6 16. Nf3 $2
Bc4 $1 $19 {leaves White struggling to meet the coming discovered attack.}) 14.
Nf3 (14. Bf3 {is the best of a bad lot now, but Black is already in control.})
14... Nd3+ 15. Kf1 O-O {White isn't lost, he's just tangled up. Unfortunately,
that makes it hard for him to find a good plan, which means that the distance
between the two states of affairs -- though real -- is not very great. For the
next few moves, White manages to find a good plan and to untangle himself to
some extent.} 16. h3 Bh5 17. Kg1 Rfe8 18. Kh2 Qc7 19. Rd1 {White has gotten
away with his reorganization and the position is nearly equal. Still, Black's
pieces are more active, and that means that White must exercise caution.} Bg6
20. Ne1 Nxe1 21. Rxe1 Bd3 22. Qd1 {Objectively this is okay, but I'd be
reluctant to put my queen opposite that rook.} Be4 23. Bd2 $6 ({It is probably
better to unbalance the position with} 23. Nxe4 $5 Rxd1 24. Nxf6+ gxf6 25. Rxd1
) 23... Bxg2 24. Kxg2 Ne4 25. Nxe4 Rxe4 26. Qc2 Qc6 {Not just defending the
rook, of course, but setting up a discovered check.} 27. a3 $4 {Oh no -- !} (
27. Kg1 $1 {should be fine for White, who is gradually approaching an endgame
where his extra pawn might tell.}) 27... Rc4+ {But now there will be no
endgame.} 0-1

[Event "Michigan Senior U1600"]
[Site "Warren, MI"]
[Date "2003.06.08"]
[Round "3.1"]
[White "Hooks, Jerry"]
[Black "Scioly, Tony"]
[Result "0-1"]
[WhiteElo "1523"]
[BlackElo "1585"]
[PlyCount "102"]
[EventDate "2003.06.07"]

1. c4 Nf6 2. Nc3 g6 3. d4 Bg7 4. e4 d6 5. f3 O-O 6. Be3 Nbd7 7. Qd2 e5 8. d5
Re8 9. Bh6 Bh8 10. Nge2 Nb6 11. Ng3 c6 12. h4 cxd5 13. cxd5 Bd7 14. h5 Rc8 15.
hxg6 fxg6 16. Bd3 Nc4 17. Bxc4 Rxc4 18. Nge2 Re7 19. g4 Rf7 20. Bg5 Qf8 21. Bh6
Bg7 22. b3 Bxh6 23. Qxh6 Qxh6 24. Rxh6 Rc8 25. Kd2 b5 26. Rah1 b4 27. Nd1 Bb5
28. R1h2 Nd7 29. Ng1 Nc5 30. Nb2 a5 31. Kd1 a4 32. bxa4 Nxa4 33. Nxa4 Bxa4+ 34.
Kd2 Rc2+ 35. Kd3 Rfc7 36. Rxc2 Rxc2 37. Ne2 Rxa2 38. Nc1 Ra3+ 39. Kc4 Rxf3 40.
Kxb4 Bc2 41. Kb5 Rc3 42. Ne2 Bd3+ 43. Kb4 Rc4+ 44. Kb3 Bxe2 45. Rh2 Rxe4 46. g5
Bc4+ 47. Kc3 Bxd5 48. Rb2 Re3+ 49. Kd2 Rb3 50. Rc2 Rb7 51. Ke3 Bf7 0-1

[Event "Michigan Senior"]
[Site "Warren, MI"]
[Date "2003.06.08"]
[Round "4.3"]
[White "Bailey, Greg"]
[Black "Roth, Bruce"]
[Result "1-0"]
[WhiteElo "1926"]
[BlackElo "1566"]
[PlyCount "81"]
[EventDate "2003.06.07"]

1. f4 d5 2. Nf3 c5 3. c4 d4 4. d3 Nc6 5. g3 Nf6 6. Na3 a6 7. Bg2 e6 8. Nc2 Bd6
9. Bd2 O-O 10. a3 e5 11. fxe5 Nxe5 12. b4 Nxf3+ 13. Bxf3 Qc7 14. Kf2 Re8 15.
bxc5 Bxc5 16. Bf4 Bd6 17. Qd2 Ng4+ 18. Bxg4 Bxg4 19. Nxd4 Qc5 20. e3 Qxd4 21.
exd4 Re2+ 22. Qxe2 Bxe2 23. Kxe2 Re8+ 24. Kf3 Be7 25. Rhe1 Kf8 26. d5 g5 27. d6
Bf6 28. Rxe8+ Kxe8 29. Re1+ Kd7 30. Be5 Bd8 31. g4 f6 32. Bg3 h6 33. d4 b6 34.
a4 Kc6 35. Ke4 b5 36. axb5+ axb5 37. c5 b4 38. Rb1 Kb5 39. Kd5 Ka4 40. Kc4 f5
41. Ra1# 1-0